| 000 | 00353cam a2200145ua 4500 | ||
|---|---|---|---|
| 003 | OSt | ||
| 008 | 250108b |||||||| |||| 00| 0 eng d | ||
| 041 | _aeng | ||
| 082 |
_a621.384 _bTAP/BA |
||
| 100 |
_aTapper, Marvin . _96868 |
||
| 245 | _aBasic radio ,vol-2 / | ||
| 260 |
_a : _bTaraaporevala publications , _c1968. |
||
| 300 | _a138 ; . | ||
| 942 | _cBK | ||
| 999 |
_c3148 _d3148 |
||